000
00213 a2200097 4500
001
8736
100
_a
Muhammad Taqi Usmani
245
_a
Hamarey ailey masail
260
_a
_b
Darul Ishagat
_c
090
_c
7039
_d
7039
942
_a
NUST-CAE
_c
M
_c
33644
999
_c
243809
_d
243809